Geography Quiz

Random Geography or State Quiz

Member States of International Organizations Quiz Stats

Quiz not verified by Sporcle

Also try: US Cities on a Map
Challenge
Share
Tweet
Embed
Score 0/194 Timer 10:00
0 Plays Today
Hint Answer % Correct
NATOFrance
100%
NATOGermany
100%
EUFrance
100%
EUGermany
100%
G20France
100%
G20Germany
100%
UN Big 5France
100%
NATOUnited Kingdom
98.2%
NATOUnited States
98.2%
G20United Kingdom
98.2%
G20United States
98.2%
UN Big 5United Kingdom
98.2%
UN Big 5United States
98.2%
NATOItaly
96.4%
EUItaly
96.4%
G20China
96.4%
G20Italy
96.4%
UN Big 5China
96.4%
NATOCanada
94.5%
G20Canada
94.5%
G20Russia
94.5%
UN Big 5Russia
94.5%
OPECAlgeria
92.7%
Arab LeagueAlgeria
92.7%
AU Algeria
92.7%
ASEANVietnam
90.9%
NATOTurkey
89.1%
ASEANIndonesia
89.1%
ASEANLaos
89.1%
OPECIndonesia
89.1%
AUSouth Africa
89.1%
G20Indonesia
89.1%
G20South Africa
89.1%
G20Turkey
89.1%
NATOSpain
87.3%
EUAustria
87.3%
EUSpain
87.3%
OPECLibya
87.3%
Arab LeagueLibya
87.3%
AU Libya
87.3%
NATOCzechia
85.5%
NATOLithuania
85.5%
EUCzechia
85.5%
EULithuania
85.5%
EUSweden
85.5%
ASEANCambodia
85.5%
ASEANMalaysia
85.5%
Arab LeagueMorocco
85.5%
Arab LeagueSudan
85.5%
Arab LeagueTunisia
85.5%
AUSudan
85.5%
AUTunisia
85.5%
G20Australia
85.5%
G20Brazil
85.5%
G20India
85.5%
NATOBelgium
83.6%
NATODenmark
83.6%
NATOEstonia
83.6%
NATOLatvia
83.6%
NATONorway
83.6%
NATOPortugal
83.6%
NATOSlovakia
83.6%
NATOSlovenia
83.6%
EUBelgium
83.6%
EUDenmark
83.6%
Hint Answer % Correct
EUEstonia
83.6%
EUFinland
83.6%
EULatvia
83.6%
EUPortugal
83.6%
EUSlovakia
83.6%
EUSlovenia
83.6%
ASEANBrunei
83.6%
ASEANSingapore
83.6%
ASEANThailand
83.6%
OPECAngola
83.6%
OPECIraq
83.6%
OPECQatar
83.6%
Arab LeagueBahrain
83.6%
Arab LeagueEgypt
83.6%
Arab LeagueIraq
83.6%
Arab LeagueQatar
83.6%
Arab LeagueSyria
83.6%
Arab LeagueUnited Arab Emirates
83.6%
Arab LeagueYemen
83.6%
AU Angola
83.6%
AU Egypt
83.6%
G20Japan
83.6%
NATOBulgaria
81.8%
EUBulgaria
81.8%
EUIreland
81.8%
ASEANMyanmar
81.8%
OPECNigeria
81.8%
OPECSaudi Arabia
81.8%
Arab LeagueSaudi Arabia
81.8%
Arab LeagueSomalia
81.8%
AUNigeria
81.8%
G20Saudi Arabia
81.8%
NATOGreece
80%
NATOHungary
80%
EUGreece
80%
EUHungary
80%
OPECVenezuela
80%
Arab LeagueOman
80%
NATOAlbania
78.2%
NATOCroatia
78.2%
NATONetherlands
78.2%
NATOPoland
78.2%
NATORomania
78.2%
EUCroatia
78.2%
EUNetherlands
78.2%
EUPoland
78.2%
EURomania
78.2%
OPECIran
78.2%
OPECKuwait
78.2%
Arab LeagueKuwait
78.2%
AUNiger
78.2%
AUSouth Sudan
78.2%
G20Argentina
78.2%
NATOIceland
76.4%
NATOLuxembourg
76.4%
EULuxembourg
76.4%
EUMalta
76.4%
Arab LeagueComoros
76.4%
Arab LeagueJordan
76.4%
Arab LeagueMauritania
76.4%
AU Comoros
76.4%
AUMauritania
76.4%
G20Mexico
76.4%
ASEANPhilippines
74.5%
Arab LeagueDjibouti
74.5%
Hint Answer % Correct
AU Democratic Republic of the Congo
74.5%
AU Djibouti
74.5%
AU Eritrea
74.5%
EUCyprus
72.7%
Arab LeaguePalestine
72.7%
AU Chad
72.7%
AUMali
72.7%
AUUganda
72.7%
AUZambia
72.7%
AUZimbabwe
72.7%
AURepublic of the Congo
72.7%
G20South Korea
72.7%
AU Cameroon
70.9%
AU Equatorial Guinea
70.9%
AURwanda
70.9%
AUTanzania
70.9%
AUTanzania
70.9%
OPECGabon
69.1%
Arab LeagueLebanon
69.1%
AU Benin
69.1%
AU Burkina Faso
69.1%
AU Gabon
69.1%
AUTogo
69.1%
AU Botswana
67.3%
AU Burundi
67.3%
AU Ethiopia
67.3%
AU Liberia
67.3%
AUMozambique
67.3%
AUNamibia
67.3%
AUSenegal
67.3%
CARICOMHaiti
67.3%
AU Ghana
65.5%
AU Guinea
65.5%
AU Lesotho
65.5%
CARICOMDominica
65.5%
CARICOMTrinidad and Tobago
65.5%
AU Cote d'Ivoire
63.6%
AU The Gambia
63.6%
AU Guinea-Bissau
63.6%
AU Kenya
63.6%
AUMadagascar
63.6%
AUMauritius
63.6%
AUSeychelles
63.6%
CARICOMBarbados
63.6%
CARICOMJamaica
63.6%
AU Cabo Verde
61.8%
CARICOMAntigua And Barbuda
61.8%
CARICOMBahamas
61.8%
AUMalawi
60%
AUSierra Leone
60%
AUSwaziland
58.2%
CARICOMSaint Vincent and the Grenadines
58.2%
AUSao Tome and Principe
56.4%
CARICOMGrenada
56.4%
CARICOMSaint Kitts and Nevis
54.5%
CARICOMGuyana
47.3%
CARICOMSuriname
43.6%
OPECEcuador
41.8%
CARICOMBelize
32.7%
CARICOMSaint Lucia
30.9%
G20European Union
27.3%
AUSahrawi Republic
21.8%
OPECUnited Arab Emirates
14.5%
CARICOMMontserrat
10.9%

You're not logged in!

Compare scores with friends on all Sporcle quizzes.
Join for Free
OR
Log In

You Might Also Like...

Show Comments

Extras

Top Quizzes Today


Score Distribution

Your Account Isn't Verified!

In order to create a playlist on Sporcle, you need to verify the email address you used during registration. Go to your Sporcle Settings to finish the process.

Report this User

Report this user for behavior that violates our Community Guidelines.

Details: